[Event "45th Olympiad Budapest 2024"]
[Site "Budapest"]
[Date "2024.09.20"]
[Round "9.3"]
[White "Heimisson, Hilmir Freyr"]
[Black "Harper, Ryan"]
[Result "0-1"]
[WhiteElo "2391"]
[BlackElo "2124"]
[PlyCount "88"]
[EventDate "2024.09.11"]
[EventType "team"]
[EventRounds "11"]
[EventCountry "HUN"]
[WhiteTeam "Iceland"]
[BlackTeam "Trinidad & Tobago"]
[WhiteTeamCountry "ISL"]

1. e4 e5 2. Nf3 Nc6 3. Bc4 Nf6 4. Ng5 d5 5. exd5 Na5 6. Bb5+ c6 7. dxc6 bxc6 8. Qf3 Be7 9. Bd3 h6 10. Ne4 Nd5 11. Ng3 g6 12. Nc3 f5 13. O-O O-O 14. Re1 ({RR} 14. Qd1 f4 15. Nge4 f3 16. g3 Nb4 17. Re1 Nxd3 18. cxd3 Qd7 19. Re3 Qh3 20. Rxf3 Bg4 21. Rxf8+ Rxf8 22. Qf1 Qh5 23. b3 c5 24. Nd5 Bh3 25. Qe1 Qf3 26. Ne3 Nc6 27. Qd1 Nd4 28. Qxf3 Nxf3+ {Pranesh,M (2493)-Nakamura,H (2775) chess.com INT 2023 0-1 (64)}) 14... Bf6 15. Bf1 e4 16. Qd1 Bd4 $146 ({RR} 16... Kh7 17. Na4 h5 18. d3 h4 19. dxe4 hxg3 20. exd5 gxf2+ 21. Kxf2 cxd5 22. Kg1 Bd7 23. c3 Nc4 24. Qxd5 {1-0 (24) Pranesh,M (2493)-Amin,B (2691) chess.com INT 2023}) 17. Nxd5 cxd5 18. Ne2 Bxf2+ 19. Kxf2 f4 20. Nxf4 Rxf4+ 21. Kg1 Bg4 22. Be2 Qb6+ 23. Kh1 Bxe2 24. Qxe2 Rf2 25. Qd1 d4 26. b4 Nc4 27. d3 Ne3 28. Bxe3 dxe3 29. Qg4 Raf8 30. h3 R2f4 31. Qd7 Rf2 32. Qd5+ Kh7 33. Qxe4 R8f4 34. Qe7+ Rf7 35. Qe8 Rf8 36. Qe4 R8f4 37. Qe7+ Rf7 38. Qe5 R7f5 39. Qe8 Rf8 40. Qd7+ R8f7 41. Qd5 R7f5 42. Qc4 R5f4 43. Qc5 Qb7 44. Rg1 R4f3 0-1

[Event "45th Olympiad Budapest 2024"]
[Site "Budapest"]
[Date "2024.09.20"]
[Round "9.4"]
[White "McIntosh, Isaiah"]
[Black "Gretarsson, Helgi Ass"]
[Result "0-1"]
[WhiteElo "2249"]
[BlackElo "2450"]
[PlyCount "60"]
[EventDate "2024.09.11"]
[EventType "team"]
[EventRounds "11"]
[EventCountry "HUN"]
[WhiteTeam "Trinidad & Tobago"]
[BlackTeam "Iceland"]
[BlackTeamCountry "ISL"]

1. e4 d6 2. d4 Nf6 3. Nc3 Nbd7 4. Nf3 e5 5. Bc4 Be7 6. a4 c6 7. O-O Qc7 8. Ba2 O-O 9. h3 h6 ({RR} 9... b6 10. Re1 a5 11. Bg5 h6 12. Bh4 Re8 13. Bg3 Bf8 14. Nh4 exd4 15. Qxd4 Nc5 16. Ng6 Ne6 17. Bxe6 Rxe6 18. Nxf8 Kxf8 19. Rad1 Ne8 20. f4 c5 21. Qf2 Bb7 22. f5 Re7 23. Nb5 Qc6 24. Bxd6 {Sevgi,V (2332)-Saraci,N (2449) chess.com INT 2024 1-0 (39)}) 10. Re1 Re8 11. a5 $146 ({RR} 11. Nh4 Nh7 12. Qh5 d5 13. exd5 Nhf6 14. Qxf7+ Kxf7 15. d6+ Nd5 16. Nxd5 Qxd6 17. Nf4+ Qd5 18. Nxd5 cxd5 19. Bxd5+ Kf6 20. Nf3 Bd6 21. Bf4 g5 22. Bg3 Rb8 23. Re3 b5 24. axb5 Kf5 25. Be4+ Ke6 {Stojkovic,M (2235)-Stojkovic,Z (2051) Nis 2012 1-0}) ({RR} 11. Nh2 Nf8 12. dxe5 dxe5 13. Qf3 Be6 14. Ng4 Nxg4 15. hxg4 Bxa2 16. Rxa2 Ne6 17. Ne2 Rad8 18. Be3 Ng5 19. Bxg5 Bxg5 20. Ng3 Rd2 21. Re2 Rd1+ 22. Nf1 Red8 23. g3 Rc1 24. Kg2 Rdd1 25. Ne3 Rh1 {Dippel,J (1799)-Horneber,T (1898) Mittelfranken 2015 0-1}) ({RR} 11. Be3 Nf8 12. d5 Ng6 13. Qd3 Nh5 14. Qc4 c5 15. b4 b6 16. bxc5 bxc5 17. Qb5 Bd7 18. Qa6 Reb8 19. Rab1 Rb6 20. Rxb6 Qxb6 21. Bc4 Qxa6 22. Bxa6 Rb8 23. Bb5 Bc8 24. Rb1 Nhf4 25. Nd2 Bd8 {Puranik,A (2476)-Gagunashvili,M (2588) Subic Bay 2016 1-0 (49)}) 11... Nf8 12. Be3 Bd7 13. Qd3 b5 14. axb6 axb6 15. Qc4 Ne6 16. d5 b5 17. Qd3 cxd5 18. Bxd5 Nc5 19. Bxc5 Rxa1 20. Rxa1 Qxc5 21. Bb3 Rc8 22. Nh2 Bd8 23. Nf1 b4 24. Nd5 Nxd5 25. Bxd5 Qxc2 26. Qf3 Bf6 27. Ne3 Qxb2 28. Ra7 Be6 29. Qh5 Rc1+ 30. Kh2 Qxf2 0-1

[Event "45th Olympiad Budapest 2024"]
[Site "Budapest"]
[Date "2024.09.20"]
[Round "9.3"]
[White "Wafa, Hamed"]
[Black "Lee, Kyungseok"]
[Result "1-0"]
[WhiteElo "2368"]
[BlackElo "2044"]
[PlyCount "83"]
[EventDate "2024.09.11"]
[EventType "team"]
[EventRounds "11"]
[EventCountry "HUN"]
[WhiteTeam "Egypt"]
[BlackTeam "South Korea"]
[WhiteTeamCountry "EGY"]

1. e4 e5 2. Nf3 Nc6 3. Bb5 Nf6 4. d3 Bc5 5. Bxc6 dxc6 6. h3 Qe7 7. Nbd2 Nd7 8. O-O Nf8 9. Nc4 Ng6 10. Be3 Bd6 11. d4 Be6 $146 ({RR} 11... O-O 12. Re1 Re8 13. dxe5 Nxe5 14. Nfxe5 Bxe5 15. Nxe5 Qxe5 16. Bd4 Qe7 17. Qf3 Be6 18. b3 Rad8 19. Bc3 f6 20. Qg3 c5 21. Re3 Rd7 22. Rae1 Red8 23. Rf3 Rd1 24. Rxd1 Rxd1+ 25. Kh2 Kf8 26. Qh4 {Vasquez Schroeder,R (2475)-Carrasco Miranda,A (2247) chess.com INT 2024 1-0}) 12. Ncxe5 Bxe5 13. dxe5 Bc4 14. Re1 Nxe5 15. Nd2 Ba6 16. f4 Nd7 17. Qf3 O-O-O 18. a4 b6 19. a5 Bb7 20. axb6 axb6 21. Ra7 Nf6 22. c4 Qb4 23. e5 Nd7 24. Rea1 Nc5 25. Ne4 Nxe4 26. Qxe4 g6 27. Qc2 Kb8 28. R7a4 Qe7 29. c5 Rd5 30. cxb6 cxb6 31. Bxb6 Rb5 32. Ba7+ Kc8 33. Rc4 Qe6 34. b4 Rd8 35. Bc5 Rd5 36. Bd6 Kd7 37. Ra7 Rd2 38. Qxd2 Qxc4 39. Bc5+ Ke6 40. Qd6+ Kf5 41. Ra1 Qc3 42. Rd1 1-0

[Event "45th Olympiad Budapest 2024"]
[Site "Budapest"]
[Date "2024.09.20"]
[Round "9.4"]
[White "Huh, Isaak"]
[Black "Sadek, Sameh"]
[Result "0-1"]
[WhiteElo "2114"]
[BlackElo "2269"]
[PlyCount "86"]
[EventDate "2024.09.11"]
[EventType "team"]
[EventRounds "11"]
[EventCountry "HUN"]
[WhiteTeam "South Korea"]
[BlackTeam "Egypt"]
[BlackTeamCountry "EGY"]

1. e4 e5 2. Nf3 Nc6 3. Bb5 a6 4. Ba4 Nf6 5. d3 d6 6. c3 Bd7 7. O-O g6 8. Re1 Bg7 9. Nbd2 O-O 10. h3 Nh5 ({RR} 10... Qe8 11. Nf1 Kh8 12. Bc2 Nh5 13. g4 Nf6 14. Ng3 Ng8 15. d4 Rd8 16. Be3 Nce7 17. Qd2 f5 18. exf5 gxf5 19. Bg5 fxg4 20. Nh4 gxh3 21. Qd3 Ng6 22. Bxd8 Qxd8 23. Nxg6+ hxg6 24. Qxg6 Nf6 25. dxe5 {Shandrygin,N (2209)-Novik,M (2409) chess.com INT 2024 1-0 (31)}) 11. Nf1 Qe8 12. Bc2 f5 13. Bb3+ $146 ({RR} 13. d4 f4 14. dxe5 dxe5 15. b4 Kh8 16. a4 g5 17. Ba3 b5 18. Bd3 Rb8 19. Qe2 Nf6 20. axb5 axb5 21. Bxb5 g4 22. hxg4 Nxg4 23. Bxc6 Bxc6 24. b5 Bxb5 25. c4 Bd7 26. Bxf8 Bxf8 27. N1h2 Rb6 {Gopal,G (2343)-Sundararajan,K (2472) Balaguer 2006 1-0 (33)}) 13... Kh8 14. exf5 gxf5 15. Ng5 Qg6 16. f4 Bf6 17. Nf3 exf4 18. a3 Rae8 19. Bd2 Ne5 20. d4 Nf7 21. Rxe8 Rxe8 22. Be1 Bb5 23. c4 Bc6 24. d5 Bd7 25. Nh4 Qg5 26. Nf3 Qg7 27. Bh4 Bxb2 28. Ra2 Ng3 29. Bxg3 fxg3 30. Nxg3 Qxg3 31. Rxb2 f4 32. Qd4+ Kg8 33. Bc2 Ng5 34. Bxh7+ Nxh7 35. h4 Bg4 36. Qf2 Bxf3 37. Qxg3+ fxg3 38. gxf3 Nf6 39. Rxb7 Nh5 40. Rb2 Nf4 41. Kf1 Re3 42. h5 Rxa3 43. h6 Ra1+ 0-1

[Event "45th Olympiad Budapest 2024"]
[Site "Budapest"]
[Date "2024.09.20"]
[Round "9.1"]
[White "Rakotomaharo, Fy Antenaina"]
[Black "Kantor, Gergely"]
[Result "0-1"]
[WhiteElo "2440"]
[BlackElo "2537"]
[PlyCount "58"]
[EventDate "2024.09.11"]
[EventType "team"]
[EventRounds "11"]
[EventCountry "HUN"]
[WhiteTeam "Madagascar"]
[BlackTeam "Hungary C"]
[WhiteTeamCountry "MAD"]

1. e4 e5 2. Nf3 Nc6 3. Bc4 Nf6 4. d3 Bc5 5. Bg5 h6 6. Bh4 Be7 7. Bg3 d6 8. a4 Be6 9. Nbd2 ({RR} 9. Bxe6 fxe6 10. c3 O-O 11. O-O Qe8 12. Qb3 Nd8 13. Nbd2 Nh5 14. d4 exd4 15. cxd4 c6 16. Nc4 Nxg3 17. hxg3 Qd7 18. Rfe1 Nf7 19. Rad1 Rac8 20. a5 Bd8 21. Re2 Rb8 22. Nh4 d5 23. exd5 exd5 {Vlachos,A (2470)-Fressinet,L (2633) Saint-Maur-des-Fosses FRA 2024 0-1 (38)}) 9... g5 10. h3 Qd7 11. c3 O-O-O $146 ({RR} 11... Rg8 12. b4 h5 13. h4 gxh4 14. Bxh4 O-O-O 15. Bxe6 fxe6 16. g3 Rdf8 17. Nh2 d5 18. Nb3 Bd6 19. Qe2 Qf7 20. O-O-O Ng4 21. Rdf1 a6 22. Kb1 Qd7 23. f3 Nf6 24. b5 axb5 25. axb5 Na5 26. Nxa5 {Demchenko,A (2654)-Matlakov,M (2674) Chess.com INT 2022 0-1 (41)}) 12. b4 h5 13. Nxg5 Bxc4 14. Nxc4 h4 15. Bh2 Rdg8 16. Nf3 Rxg2 17. b5 Nd8 18. Ne3 Rgg8 19. Nf5 Ne6 20. N3xh4 Nxe4 21. dxe4 Bxh4 22. Qd5 Nc5 23. Ke2 Rg2 24. Bg3 Bxg3 25. Nxg3 Ne6 26. Qa2 Nf4+ 27. Ke3 Rxh3 28. Rxh3 Qxh3 29. Kf3 Nd3 0-1

[Event "45th Olympiad Budapest 2024"]
[Site "Budapest"]
[Date "2024.09.20"]
[Round "9.2"]
[White "Juhasz, Agoston"]
[Black "Razanadrakotoarisoa, Toavina"]
[Result "0-1"]
[WhiteElo "2427"]
[BlackElo "2147"]
[PlyCount "146"]
[EventDate "2024.09.11"]
[EventType "team"]
[EventRounds "11"]
[EventCountry "HUN"]
[WhiteTeam "Hungary C"]
[BlackTeam "Madagascar"]
[BlackTeamCountry "MAD"]

1. e4 c5 2. Nf3 e6 3. b3 d5 4. Bb5+ Nc6 5. Bxc6+ bxc6 6. Qe2 Nf6 7. d3 Be7 8. O-O Qc7 $146 ({RR} 8... O-O 9. Bb2 Ba6 10. Nbd2 Rb8 11. a4 Qc7 12. Be5 Bd6 13. Bxd6 Qxd6 14. e5 Qe7 15. exf6 Qxf6 16. Qe5 Qe7 17. Rfe1 Rfd8 18. h4 c4 19. dxc4 dxc4 20. Nxc4 Bxc4 21. bxc4 Rb4 22. Rad1 Rxc4 23. Rxd8+ {Martinez Pla,X (2261)-Gruzman,I (2149) chess.com INT 2024 1-0 (39)}) 9. c4 dxe4 10. dxe4 e5 11. Nc3 Bg4 12. Na4 Rd8 13. Qe3 Bxf3 14. Qxf3 O-O 15. Ba3 Qa5 16. Bb2 Bd6 17. Rad1 Qc7 18. Qf5 Qe7 19. Rfe1 Rfe8 20. h3 Nd7 21. Rd3 Nf8 22. Rg3 g6 23. Qg4 Ne6 24. h4 Nd4 25. h5 Ne6 26. Bc1 Nf4 27. Be3 Kh8 28. h6 Qf8 29. Rf3 Re6 30. Bxf4 exf4 31. Qg5 f6 32. Qh4 Rde8 33. Rd3 Rxe4 34. Rxe4 Rxe4 35. f3 Rd4 36. Nb2 Be5 37. Kh2 Qc8 38. Rd1 Qf5 39. Re1 Rd2 40. Na4 Rxa2 41. Nxc5 Kg8 42. Re4 Kf7 43. Nd3 Ra1 44. c5 a5 45. Nf2 Qd7 46. Re2 Rc1 47. Ra2 Rxc5 48. Ne4 Rd5 49. b4 axb4 50. Ra8 Bd4 51. g4 fxg3+ 52. Nxg3 f5 53. Kg2 b3 54. Qf4 Be5 55. Qb4 Rd2+ 56. Kh1 Rd1+ 57. Nf1 Rxf1+ 58. Kg2 Rg1+ 59. Kxg1 Qd4+ 60. Qxd4 Bxd4+ 61. Kf1 b2 62. Rb8 g5 63. Ke2 Kg6 64. Kd3 Bf6 65. Kc2 g4 66. fxg4 fxg4 67. Rg8+ Kh5 68. Rg7 Bg5 69. Rxh7 g3 70. Rd7 Bxh6 71. Rd3 Kg4 72. Rd6 g2 73. Rxh6 b1=Q+ 0-1

[Event "45th Olympiad Budapest 2024"]
[Site "Budapest"]
[Date "2024.09.20"]
[Round "9.3"]
[White "Andriamasoandro, Miora"]
[Black "Karacsonyi, Gellert"]
[Result "1/2-1/2"]
[WhiteElo "2116"]
[BlackElo "2403"]
[PlyCount "129"]
[EventDate "2024.09.11"]
[EventType "team"]
[EventRounds "11"]
[EventCountry "HUN"]
[WhiteTeam "Madagascar"]
[BlackTeam "Hungary C"]
[WhiteTeamCountry "MAD"]

1. Nf3 Nf6 2. g3 d5 3. Bg2 e6 4. O-O Be7 5. d3 c5 6. Nbd2 Nc6 7. e4 dxe4 8. dxe4 e5 9. c3 Qc7 ({RR} 9... h6 10. Qc2 Be6 11. Rd1 {½-½ (11) Hirstel,S (1860)-Baeuml,U (2016) Rottach-Egern GER 2024}) 10. a4 $146 ({RR} 10. Qc2 h6 11. Nc4 Be6 12. Ne3 Rd8 13. b3 b5 14. Bb2 Ng4 15. Nd5 Qb7 16. Rad1 Nf6 17. Nh4 g5 18. Nf5 Bxf5 19. exf5 Nxd5 20. Bxd5 Qc7 21. Qe4 Rd6 22. Bxc6+ Rxc6 23. c4 f6 24. cxb5 Rb6 {Lebredo Zaragoitia,G-Paz la Torre,J Havana 1966 1-0 (31)}) ({RR} 10. Qe2 O-O 11. Nc4 Be6 12. Nh4 Ne8 13. Nf5 Nd6 14. Nce3 Rfd8 15. Nd5 Bxd5 16. exd5 Nxf5 17. dxc6 bxc6 18. Qe4 g6 19. f4 Bf6 20. g4 Nd6 21. Qe3 Nb7 22. Qf3 Nd6 23. fxe5 Bxe5 24. Bg5 Rdc8 {Klima,L (2420)-Senkyr,M (2157) Stare Mesto 2009 1-0 (33)}) ({RR} 10. Qe2 Bg4 11. Nc4 h6 12. Ne3 Be6 13. Nh4 O-O-O 14. b3 Rd7 15. Nhf5 g6 16. Nxe7+ Nxe7 17. c4 Nc6 18. Nd5 Bxd5 19. cxd5 Nd4 20. Qd3 Kb8 21. f4 Ka8 22. Bb2 Re8 23. Rac1 Qb6 24. fxe5 Ng4 {Cordovil,J (2198)-Morais,M (2095) Viseu 2000 1-0 (31)}) ({RR} 10. Qc2 b6 11. Rd1 O-O 12. Nc4 Be6 13. Ne3 Rad8 14. Ng5 Rxd1+ 15. Qxd1 Rd8 16. Qc2 Qd7 17. Nxe6 Qxe6 18. Bf1 Ne8 19. Bc4 Qg6 20. a4 Bg5 21. Nd5 Nf6 22. Bxg5 Qxg5 23. Rd1 Kf8 24. Bb5 Nb8 {Sofieva,A (2350)-Pinkus,L (2215) Berlin 1995 ½-½ (48)}) 10... b6 11. Qe2 O-O 12. Re1 Rd8 13. Nf1 Na5 14. Bg5 Bb7 15. N3d2 h6 16. Bxf6 Bxf6 17. Ne3 Bg5 18. Ndf1 Bxe3 19. Nxe3 Qd6 20. Rad1 Qc6 21. Qg4 Qg6 22. Qxg6 fxg6 23. Nd5 Kh7 24. Bf1 Rd6 25. Nc7 Rad8 26. Rxd6 Rxd6 27. Nd5 Bc6 28. Bb5 Bxb5 29. axb5 g5 30. h3 Nb3 31. f3 Kg6 32. Kf2 Kf7 33. Ke2 h5 34. Rd1 g6 35. Kd3 Na5 36. Ra1 c4+ 37. Ke3 Rd8 38. h4 gxh4 39. gxh4 Rc8 40. Rg1 Rc5 41. Rg5 Rxb5 42. Rxe5 Nc6 43. Rg5 Rxb2 44. f4 Rh2 45. f5 Rh3+ 46. Kf2 Rxh4 47. Rxg6 Ne5 48. Re6 Rxe4 49. Re7+ Kf8 50. Rxa7 Ng4+ 51. Kg3 b5 52. Ra5 Nh6 53. f6 h4+ 54. Kf3 Re5 55. Rxb5 h3 56. Rb8+ Kf7 57. Ne3 Kxf6 58. Nxc4 Rc5 59. Ne3 Rxc3 60. Kf4 Rc1 61. Rb6+ Kg7 62. Rb2 Rh1 63. Kg3 Nf7 64. Rh2 Rg1+ 65. Kf2 1/2-1/2

[Event "45th Olympiad Budapest 2024"]
[Site "Budapest"]
[Date "2024.09.20"]
[Round "9.4"]
[White "Vanczak, Tamas"]
[Black "Rakotomaharavo, Dylan"]
[Result "1-0"]
[WhiteElo "2401"]
[BlackElo "2078"]
[PlyCount "71"]
[EventDate "2024.09.11"]
[EventType "team"]
[EventRounds "11"]
[EventCountry "HUN"]
[WhiteTeam "Hungary C"]
[BlackTeam "Madagascar"]
[BlackTeamCountry "MAD"]

1. e4 c5 2. Nf3 Nc6 3. Bc4 e6 4. O-O Nf6 5. Re1 d6 6. Bb3 Be7 7. c3 O-O 8. d4 cxd4 ({RR} 8... b5 9. Nbd2 Bb7 10. h3 Rc8 11. Nf1 Qc7 12. Ng3 cxd4 13. cxd4 Na5 14. Bg5 Nxb3 15. Qxb3 Qc4 16. Qe3 Rfe8 17. Rec1 Qb4 18. a3 Qxb2 19. Rcb1 Qc3 20. Bxf6 Bxf6 21. Qxc3 Rxc3 22. Rxb5 Ba8 23. a4 {Martinez Pla,X (2264)-Mekhitarian,K (2554) chess.com INT 2024 0-1 (70)}) 9. cxd4 e5 $146 ({RR} 9... Bd7 10. Nc3 Na5 11. Bc2 Rc8 12. Bg5 b5 13. e5 Nd5 14. Nxd5 Bxg5 15. Nxg5 Qxg5 16. f4 Qh4 17. g3 Qd8 18. Ne3 dxe5 19. fxe5 Bc6 20. Qh5 g6 21. Qh6 Qxd4 22. Rad1 Qxe5 23. b4 Rfd8 24. Nd5 {Beerdsen,T (2519)-Kavutskiy,K (2396) chess.com INT 2023 1-0 (36)}) 10. d5 Na5 11. Bc2 Bg4 12. Bd3 Rc8 13. Nbd2 b6 14. b4 Nb7 15. Ba6 Rc7 16. Bb2 Qb8 17. a4 Rfc8 18. Qb3 Nh5 19. Nc4 Nf4 20. Na3 Rf8 21. Nb5 Rcc8 22. h3 Bd7 23. Nd2 Rfd8 24. Nc4 Be8 25. Bc1 f6 26. Be3 f5 27. Bxf4 exf4 28. e5 Bxb5 29. Bxb5 Kh8 30. e6 Rc7 31. Ba6 Rf8 32. Na3 Bf6 33. Rac1 Rxc1 34. Rxc1 f3 35. Nb5 Rc8 36. Rc6 1-0

[Event "45th Olympiad Budapest 2024"]
[Site "Budapest"]
[Date "2024.09.20"]
[Round "9.1"]
[White "Mohammad Fahad, Rahman"]
[Black "El Jawich, Amro"]
[Result "1/2-1/2"]
[WhiteElo "2419"]
[BlackElo "2296"]
[PlyCount "113"]
[EventDate "2024.09.11"]
[EventType "team"]
[EventRounds "11"]
[EventCountry "HUN"]
[WhiteTeam "Bangladesh"]
[BlackTeam "Lebanon"]
[WhiteTeamCountry "BAN"]
[BlackTeamCountry "LBN"]

1. e4 c5 2. Nf3 Nc6 3. d4 cxd4 4. Nxd4 e5 5. Nb5 d6 6. N1c3 a6 7. Na3 Be6 8. Nc4 Rb8 9. Ne3 Nf6 10. g3 Be7 ({RR} 10... h5 11. h4 Be7 12. Bg2 Ng4 13. Ncd5 Qd7 14. Nb6 Qd8 15. Nbd5 b5 16. c3 Qd7 17. O-O Bd8 18. a4 b4 19. Qd3 a5 20. Nc4 O-O 21. Nxd6 Bxd5 22. Qxd5 Ne7 23. Qd2 Qe6 24. Nb5 Bb6 25. cxb4 {So,W (2770)-Radjabov,T (2765) chess24.com INT 2020 ½-½ (56)}) ({RR} 10... h5 11. h3 h4 12. g4 g6 13. Bg2 Bh6 14. Ncd5 Bxd5 15. Nxd5 Bxc1 16. Rxc1 Nd4 17. O-O O-O 18. c3 Ne6 19. Nxf6+ Qxf6 20. Qxd6 Rfd8 21. Qb6 Rd2 22. Rcd1 Rbd8 23. Rxd2 Rxd2 24. Rb1 Qe7 25. Qe3 {Balbuena Fuentes,M (2312)-Brodowski,P (2428) Leca da Palmeira POR 2024 ½-½ (47)}) 11. Bg2 h5 12. h3 h4 $146 ({RR} 12... b5 13. O-O Nd4 14. a4 b4 15. Ncd5 Nxd5 16. exd5 Bd7 17. g4 hxg4 18. hxg4 Bg5 19. c3 bxc3 20. bxc3 Nb3 21. Rb1 Nxc1 22. Rxb8 Qxb8 23. Qxc1 Bf4 24. Re1 Bxa4 25. Qa3 Bxe3 26. Qxa4+ Ke7 27. fxe3 {Sharapov,E (2375)-Krzyzanowski,M (2512) chess.com INT 2023 1-0 (64)}) ({RR} 12... Nd4 13. O-O Qc8 14. Kh2 O-O 15. f4 Bc4 16. Nxc4 Qxc4 17. fxe5 dxe5 18. Bg5 Ng4+ 19. hxg4 Bxg5 20. gxh5 f6 21. Qd3 Rbc8 22. Bh3 Rc5 23. Qxc4+ Rxc4 24. Rf2 Kf7 25. Bf1 Rc5 26. Bd3 Rh8 27. g4 {Mompel Ferruz,X (1803)-Salinas Tomas,D (2079) Salobrena 2021 0-1 (51)}) 13. g4 Nh7 14. Nf5 Bf8 15. O-O g6 16. Ne3 Bh6 17. Qd3 O-O 18. Rd1 Nd4 19. Ncd5 Bd7 20. Nc4 Bxc1 21. Raxc1 b5 22. Nxd6 Bxg4 23. hxg4 Qxd6 24. c3 Nc6 25. Qh3 Qd8 26. Nb4 Qf6 27. Nxc6 Qxc6 28. Qxh4 g5 29. Qg3 Rfe8 30. Rd5 Qf6 31. Rcd1 Nf8 32. Rd6 Qg7 33. Rxa6 Ng6 34. Bf1 Nf4 35. Qe3 Qh7 36. Rdd6 Kg7 37. Rd7 Qh4 38. Qf3 Rh8 39. Bg2 Rh7 40. Raa7 Kg6 41. Kf1 Rbh8 42. Qg3 Qh2 43. Rd6+ Kg7 44. Rdd7 Kg6 45. Bf3 Rh3 46. Qxh2 Rxh2 47. Ke1 R8h3 48. Be2 Rg2 49. Rxf7 Rh1+ 50. Kd2 Rxf2 51. Rg7+ Kf6 52. Raf7+ Ke6 53. Re7+ Kf6 54. Rgf7+ Kg6 55. Rg7+ Kf6 56. Rgf7+ Kg6 57. Rg7+ 1/2-1/2

[Event "45th Olympiad Budapest 2024"]
[Site "Budapest"]
[Date "2024.09.20"]
[Round "9.2"]
[White "Khoder, Akram"]
[Black "Manon, Reja Neer"]
[Result "0-1"]
[WhiteElo "2239"]
[BlackElo "2417"]
[PlyCount "102"]
[EventDate "2024.09.11"]
[EventType "team"]
[EventRounds "11"]
[EventCountry "HUN"]
[WhiteTeam "Lebanon"]
[BlackTeam "Bangladesh"]
[WhiteTeamCountry "LBN"]
[BlackTeamCountry "BAN"]

1. d4 Nf6 2. c4 e6 3. Nf3 c5 4. d5 b5 5. dxe6 fxe6 6. cxb5 d5 7. Nc3 Nbd7 8. e4 Bb7 $146 ({RR} 8... d4 9. e5 Ng4 10. Ne4 Bb7 11. Nfg5 Ngxe5 12. f4 Ng6 13. Bc4 Qe7 14. O-O Nb6 15. Bxe6 Bxe4 16. Re1 Qb7 17. f5 Ne7 18. Nxe4 {1-0 (18) Zilka,S (2529)-Ringel,Z (2266) Czech Republic 2013}) ({RR} 8... d4 9. e5 Ng4 10. Ne4 Ngxe5 11. Nxe5 Nxe5 12. Qh5+ Nf7 13. Bc4 Be7 14. O-O O-O 15. Re1 g6 16. Qh3 e5 17. Qb3 Kg7 18. Bxf7 Rxf7 19. Bh6+ Kg8 20. Rac1 Bb7 21. Qe6 Bxe4 22. Rxe4 Bd6 23. f4 {Ding,L (2799)-Mamedyarov,S (2765) Chess.com INT 2021 0-1 (31)}) ({RR} 8... d4 9. Na4 Nxe4 10. Bd3 Ndf6 11. O-O Qd5 12. Re1 Be7 13. Qc2 Bb7 14. Bf4 O-O 15. Ne5 Nc3 16. f3 Nxa4 17. Bc4 Qd8 18. Bxe6+ Kh8 19. Qxa4 Bd6 20. Nf7+ Rxf7 21. Bxd6 Qxd6 22. Bxf7 Rf8 23. Qc4 {Hjartarson,J (2454)-Csiszar,C (2366) Catez SLO 2024 1-0 (40)}) ({RR} 8... d4 9. e5 Ng4 10. Ne4 Ndxe5 11. Nxe5 Nxe5 12. Qh5+ Nf7 13. Nxc5 g6 14. Qf3 Bxc5 15. Qc6+ Qd7 16. Qxc5 Bb7 17. Bd2 Rc8 18. Qa3 Nd6 19. f3 O-O 20. Bd3 Nc4 21. Qb4 Ne5 22. Be2 d3 23. Bd1 {Lacrosse,M (2181)-Fernandez Romero,E (2453) Caleta 2011 0-1}) ({RR} 8... d4 9. Nb1 Bb7 10. Bd3 Bd6 11. Qe2 O-O 12. Na3 Qe8 13. Bd2 Rc8 14. Nc4 Bc7 15. O-O-O Nb6 16. Nxb6 Bxb6 17. Kb1 c4 18. Bxc4 Nxe4 19. Bb4 Rxc4 20. Qxc4 Bd5 21. Qe2 d3 22. Qxd3 Nxf2 23. Qe2 {Devnani,K (2205)-Rasmussen,A (2520) Trieste ITA 2023 0-1 (31)}) 9. Ng5 Qe7 10. Bd3 h6 11. Nh3 d4 12. Nb1 Ne5 13. O-O Nxd3 14. Qxd3 Bxe4 15. Qe2 g5 16. Nd2 Bf5 17. f4 g4 18. Nf2 Bg7 19. Nde4 Nxe4 20. Nxe4 Rd8 21. Ng3 d3 22. Qf2 O-O 23. Be3 c4 24. Kh1 Qb4 25. Rab1 Qxb5 26. Bd2 Bg6 27. Bc3 Qd7 28. Qd2 h5 29. f5 exf5 30. Qg5 f4 31. Nxh5 Bxh5 32. Qxh5 Qf5 33. Qh4 Rd7 34. Qe1 Qd5 35. Qh4 Bxc3 36. bxc3 Qf5 37. Qf2 g3 38. Qd2 Rh7 39. h3 Qe4 40. Kg1 Qe3+ 41. Qxe3 fxe3 42. Rxf8+ Kxf8 43. Rb8+ Kg7 44. Rb7+ Kg6 45. Rxh7 Kxh7 46. Kf1 Kg6 47. Ke1 Kf5 48. Kd1 Kf4 49. Ke1 a5 50. a4 Ke4 51. Kd1 e2+ 0-1

[Event "45th Olympiad Budapest 2024"]
[Site "Budapest"]
[Date "2024.09.20"]
[Round "9.3"]
[White "Hossain, Enamul"]
[Black "Arkadan, Adib"]
[Result "0-1"]
[WhiteElo "2354"]
[BlackElo "2181"]
[PlyCount "94"]
[EventDate "2024.09.11"]
[EventType "team"]
[EventRounds "11"]
[EventCountry "HUN"]
[WhiteTeam "Bangladesh"]
[BlackTeam "Lebanon"]
[WhiteTeamCountry "BAN"]
[BlackTeamCountry "LBN"]

1. d4 Nf6 2. c4 g6 3. Nc3 Bg7 4. Nf3 O-O 5. Bg5 c5 6. d5 d6 7. e3 Qb6 8. Rb1 ({RR} 8. Qc2 Na6 9. Be2 Bf5 10. e4 Nb4 11. Qb1 Nxe4 12. Nxe4 Bxb2 13. Qxb2 Nd3+ 14. Bxd3 Qxb2 15. O-O Qa3 16. Bc2 Qb2 17. Bd3 Qa3 18. Bc2 Qb2 19. Bd3 Qa3 {½-½ (19) Le,T (2243)-Bukreyev,A (1967) Adelaide AUS 2024}) 8... e5 ({RR} 8... Qa5 9. Bd3 a6 10. O-O b5 11. cxb5 axb5 12. Bxb5 Bf5 13. Rc1 Na6 14. Nd2 Nc7 15. Nc4 Qa7 16. Bc6 Rab8 17. e4 Bc8 18. Re1 Ba6 19. b3 Bxc4 20. bxc4 h6 21. Bh4 Rb2 22. e5 dxe5 23. Rxe5 {Dubov,D (2720)-Chigaev,M (2631) Chess.com INT 2022 1-0 (31)}) 9. Bd3 Nbd7 $146 ({RR} 9... Re8 10. Nd2 Nbd7 11. O-O h6 12. Bh4 Nh7 13. e4 Bf6 14. Bg3 Bg5 15. Qe2 Nhf6 16. Nf3 Bf4 17. Bh4 g5 18. g3 gxh4 19. gxf4 exf4 20. Qd2 Nh5 21. Kh1 Qd8 22. Rg1+ Kh8 23. Be2 Qf6 24. Nb5 {Hayrapetyan,H (2453)-Hambardzumian,Y (2310) Tbilisi 2019 1-0}) 10. O-O Kh8 11. e4 Ng8 12. Bc2 f6 13. Bh4 Ne7 14. a3 a6 15. Ne1 Qc7 16. Bd3 Nb6 17. Nc2 f5 18. f3 f4 19. b4 Bf6 20. Bf2 Nd7 21. Na4 b6 22. bxc5 bxc5 23. Na1 g5 24. Nb3 Ng6 25. Qd2 Bd8 26. Be1 a5 27. Nc3 Nf6 28. Nb5 Qe7 29. Bf2 a4 30. Nxc5 dxc5 31. d6 Qg7 32. Bxc5 g4 33. Nc7 Bxc7 34. dxc7 Rg8 35. Bd6 gxf3 36. Rb8 Be6 37. Rfb1 Nd7 38. Rxa8 Rxa8 39. c5 Rg8 40. c6 Nf6 41. Rb8 Bc8 42. Qb2 Ne8 43. Rxc8 Nxd6 44. Rxg8+ Qxg8 45. Qb8 Nc8 46. Bc4 Qf8 47. Be6 Qc5+ 0-1

[Event "45th Olympiad Budapest 2024"]
[Site "Budapest"]
[Date "2024.09.20"]
[Round "9.4"]
[White "Assaad, Joe"]
[Black "Zia, Tahsin Tajwar"]
[Result "0-1"]
[WhiteElo "2150"]
[BlackElo "2255"]
[PlyCount "56"]
[EventDate "2024.09.11"]
[EventType "team"]
[EventRounds "11"]
[EventCountry "HUN"]
[WhiteTeam "Lebanon"]
[BlackTeam "Bangladesh"]
[WhiteTeamCountry "LBN"]
[BlackTeamCountry "BAN"]

1. e4 c6 2. d4 d5 3. Nd2 dxe4 4. Nxe4 Nf6 5. Nxf6+ exf6 6. c3 Bd6 7. Bd3 O-O 8. Ne2 Re8 9. Qc2 h5 10. Be3 Nd7 11. O-O-O b5 12. d5 c5 13. Bxb5 Rb8 14. c4 a6 15. Bxd7 $146 ({RR} 15. Ba4 Re5 16. Ng3 Nb6 17. Bc6 h4 18. Ne4 Bf5 19. f3 Qe7 20. b3 Bxe4 21. fxe4 Rxe4 22. Bd2 Nxc4 23. bxc4 Qe5 24. Qc3 Rxc4 25. Kc2 Qe4+ {0-1 (25) Belov,A (2421)-Kosakowski,J (2485) chess.com INT 2023}) ({RR} 15. Ba4 Rxe3 16. fxe3 Ne5 17. h3 Rb4 18. Bb3 h4 19. a3 Rb7 20. Nc3 Qb6 21. Ba2 Bf5 22. e4 Bd7 23. Rd2 Ng6 24. Kb1 Be5 25. d6 Qa5 26. Ka1 Nf4 27. Rf1 Ne6 28. Rb1 Nd4 29. Rxd4 Bxd4 {Belov,A (2421)-Aravindh,C (2703) chess.com INT 2024 0-1 (34)}) ({RR} 15. Ba4 Ne5 16. Bxe8 Qxe8 17. Rhe1 Rb4 18. b3 g6 19. Ng3 Qd8 20. Bd2 Rb7 21. f4 Ng4 22. Ne4 Nxh2 23. Bc3 Bxf4+ 24. Kb2 Be5 25. Nxc5 Re7 26. d6 Re8 27. d7 Bxc3+ 28. Qxc3 Rxe1 29. Qxe1 {1-0 (29) Belov,A (2421)-Ohler,J (2218) chess.com INT 2023}) ({RR} 15. Ba4 Re5 16. Nc3 Nb6 17. Bb3 Bf5 18. Qd2 a5 19. a3 Nxd5 20. Nxd5 Rxb3 21. Nc3 Rb6 22. Nb5 Re6 23. Qxa5 Qb8 24. Rxd6 Rbxd6 25. Nxd6 Qxd6 26. Qa8+ Kh7 27. Qd5 Qxd5 28. cxd5 Rd6 29. Rd1 c4 {Ivic,V (2487)-Hansen,T (2423) Porto Carras 2018 1-0 (61)}) 15... Bxd7 16. a3 g6 17. Nc3 Bf5 18. Qd2 Rb3 19. Rde1 Qb8 20. Bh6 Be5 21. Re3 Kh7 22. g4 hxg4 23. Rxe5 Qxe5 24. Be3 Reb8 25. Rd1 Qc7 26. Bf4 Rxc3+ 27. Qxc3 Qxf4+ 28. Qd2 Qxc4+ 0-1